| 000 | 00484nam a2200181Ia 4500 | ||
|---|---|---|---|
| 005 | 20250603145649.0 | ||
| 008 | 250603s9999 xx 000 0 und d | ||
| 020 | _a9788120326934 | ||
| 050 | _aJA 71.5 .M35/ | ||
| 100 | _aMcnabb, David E. | ||
| 245 | 0 | _aResearch methods for political students : quantitative and qualitative methods | |
| 260 | _aNew Delhi | ||
| 260 | _bPHI Learnig Private Limited | ||
| 260 | _c2004 | ||
| 300 | _a570 p | ||
| 650 | _aNew Delhi | ||
| 942 | _cBK | ||
| 999 |
_c42497 _d42497 |
||